000 00812cam a22002773a 4500
001 19183
003 PGUSA
005 20140828083415.0
008 060905s2006||||xxu|||||s|||||000 | eng d
040 _aPGUSA
_beng
042 _adc
050 4 _aPT
100 1 _aIbsen, Henrik,
_d1828-1906
245 1 0 _aHedda Gabler :
_bDramo en kvar aktoj
_h[electronic resource] /
_cHenrik Ibsen
260 _bProject Gutenberg,
_c2006
506 _aPublic domain in the USA.
516 _aElectronic text
653 _aNorwegian drama
653 _aIdentity (Psychology) -- Drama
653 _aWomen -- Social conditions -- Drama
653 _aMan-woman relationships -- Drama
700 1 _aTangerud, Odd
830 0 _aProject Gutenberg
_v19183
856 4 0 _uhttp://www.gutenberg.org/ebooks/19183
942 _cEB
999 _c248438
_d248438